| 000 | 01730 a2200205 4500 | ||
|---|---|---|---|
| 020 | _a1932531726 | ||
| 020 | _a9781932531725 | ||
| 082 | 0 | 4 | _a658.404 |
| 090 |
_c3342 _d3342 |
||
| 100 | 1 | _aKemp, Sid. | |
| 245 | 1 | 0 |
_aUltimate guide to project management / _cSid Kemp. |
| 250 | _a1st ed. | ||
| 260 |
_a[S.l.] : _bEntrepreneur Press, _c2005. |
||
| 300 |
_a400 p. ; _c25 cm. |
||
| 500 | _aPaperback. | ||
| 520 | _aProject management is the art - and science - of making change work, and small businesses are swimming - or sinking - in a sea of change. You can't afford to make mistakes - you have to get it right the first time. Author Sid Kemp scales down the best practices of Fortune 500 companies and major consultants to make them work for you. This practical guide breaks down each problem-solving activity step-by-step and includes tools, forms, and instructions both in the book and on the enclosed CD-ROM. You'll learn: the three stages of every project - ensure your project's success from the very beginning; how to plan, implement, and evaluate your projects so you know what to do, how to do it and when it's done; how to prioritize projects so you can tackle them all without interference; and, how to develop projects that solve problems and seize opportunities.Every business challenge - whether it's writing a business plan, developing an ad campaign or getting your company out of hot water - is a project. The essential strategies provided will help you get it done right every time. | ||
| 856 | 4 | 0 |
_3Amazon.com _uhttp://www.amazon.com/exec/obidos/ASIN/1932531726/chopaconline-20 |
| 856 | 4 | 0 |
_3Amazon customer reviews _uhttp://www.chopac.org/cgi-bin/tools/azrev.pl?q=1932531726 |
| 942 |
_aNBS _cBK _k658.404 KEM |
||
| 999 |
_c345825 _d345825 |
||